Farm Merge Valley - Food Items - Statistics

General Stats
  • This quiz has been taken 10 times
  • The average score is 13 of 50
Answer Stats
Subcategory Food Item % Correct
Farmer's market Milk
89%
Dairy Cheese
78%
Bakery Bread
56%
Farmer's market Flour
56%
Farmer's market Tofu
44%
Dairy Butter
33%
Farmer's market Carrots
33%
Farmer's market Corn
33%
Farmer's market Eggs
33%
Dairy Goat cheese
33%
Farmer's market Goat milk
33%
BBQ Grilled corn
33%
Sweets station Icecream
33%
Bakery Omelet
33%
Bakery Pancakes
33%
Loom Socks
33%
Farmer's market Soy Sauce
33%
Sweets station Cheese popcorn
22%
Loom Fur purse
22%
BBQ Grilled bacon
22%
BBQ Grilled sandwich
22%
Loom Jacket
22%
Loom Pillow
22%
Sweets station Popcorn
22%
Farmer's market Soy beans
22%
Farmer's market Sugar
22%
Farmer's market Sunflower oil
22%
Barista Tiramisu
22%
BBQ Tofu Burger
22%
Tomato on Wheels Tomato on a stick
22%
Loom Trousers
22%
Trufflelicious Truffle pasta
22%
Farmer's market Wool
22%
Avocado Fiesta Avocado egg burger
11%
Avocado Fiesta Avocado on toast
11%
Avocado Fiesta Avocado taco
11%
Avocado Fiesta Avocado wrap
11%
Barista Cappuccino
11%
Bakery Carrot bread
11%
Bakery Carrot cake
11%
Barista Coffee beans
11%
Barista Espresso
11%
Dairy Goat yoghurt
11%
Bakery Muffin
11%
Farmer's market Raw Bacon
11%
Tomato on Wheels Stuffed tomatoes
11%
Tomato on Wheels Tomato burger
11%
Tomato on Wheels Tomato soup
11%
Trufflelicious Truffle balls
11%
Trufflelicious Truffle grilled cheese sandwich
11%
No matching quizzes found
Score Distribution
Percent of People with Each Score
Percentile by Number Answered
Your Score History
You have not taken this quiz